000
00252 a2200097 4500
001
32950
100
_a
Reeve,W.D
245
_a
Subscriber loop signaling and transmission handbook: digital
260
_a
NY
_b
IIIFEE
_c
2002
090
_c
22106
_d
22106
942
_a
NUST-CAE
_c
MONOGRAPH
_c
13455
999
_c
268023
_d
268023